| 000 | 01016nam0a22002411i 4500 | ||
|---|---|---|---|
| 001 | rc\1108531 | ||
| 005 | 20240723121325.0 | ||
| 035 | _a(NLR Aleph) 006353069 | ||
| 090 |
_a4822312 _c4822311 |
||
| 100 | _a20041126d1982 u |0rusy50 ca | ||
| 101 | 0 | _arus | |
| 102 | _aRU | ||
| 105 | _ay ||||||||| | ||
| 200 | 1 |
_aОрганизация и нормирование механизированных работ в интенсивных садах _e(На материалах с.-х. предприятий МССР) _eАвтореф. дис. на соиск. учен. степ. к. э. н. |
|
| 210 |
_aКиев _d1982 |
||
| 215 | _a27 с. | ||
| 300 | _aВ надзаг.: Укр. НИИ экономики и организации сельск. хоз-ва им. А.Г. Шлихтера | ||
| 320 | _aБиблиогр.: с. 24-27 | ||
| 700 | 1 |
_aМладиной _bВ.К. _gВасилий Константинович |
|
| 801 | 0 |
_aRU _bNLR _gpsbo |
|
| 801 | 1 |
_aRU _bELAR _2rusmarc |
|
| 852 |
_aNLR _j85-4/3015 |
||
| 942 | _cBOOK | ||